Bibliography of studies on hindu language and linguistics / (Record no. 122999)

MARC details
000 -LEADER
fixed length control field 00697nam a22002417a 4500
005 - DATE AND TIME OF LATEST TRANSACTION
control field 20170124105919.0
010 ## - LIBRARY OF CONGRESS CONTROL NUMBER
LC control number 923456
020 ## - INTERNATIONAL STANDARD BOOK NUMBER
Terms of availability 00
035 ## - SYSTEM CONTROL NUMBER
System control number 923456
037 ## - SOURCE OF ACQUISITION
Source of stock number/acquisition Cen Lib/Ret
040 ## - CATALOGING SOURCE
Original cataloging agency DPL
Language of cataloging EN
082 ## - DEWEY DECIMAL CLASSIFICATION NUMBER
Classification number 016.42
Item number BIB
245 ## - TITLE STATEMENT
Title Bibliography of studies on hindu language and linguistics /
Statement of responsibility, etc comlpiled by Narindar K. Aggarwal
246 ## - VARYING FORM OF TITLE
Remainder of title
260 ## - PUBLICATION, DISTRIBUTION, ETC. (IMPRINT)
Name of publisher, distributor, etc Indian Documentation Service
Place of publication, distribution, etc Gurgaon
Date of publication, distribution, etc 1978
270 ## - ADDRESS
City Gurgaon
Postal code 122001
300 ## - PHYSICAL DESCRIPTION
Extent xvi, 184p.
Dimensions 20cm(Hb)
500 ## - GENERAL NOTE
General note Includes index
650 ## - SUBJECT ADDED ENTRY--TOPICAL TERM
Topical term or geographic name as entry element Bibliographies
9 (RLIN) 901
650 ## - SUBJECT ADDED ENTRY--TOPICAL TERM
Topical term or geographic name as entry element Linguistics
9 (RLIN) 108339
700 ## - ADDED ENTRY--PERSONAL NAME
Personal name Aggarwal, Narindar K.
9 (RLIN) 3579
942 ## - ADDED ENTRY ELEMENTS (KOHA)
Source of classification or shelving scheme Dewey Decimal Classification
Koha item type English Books
Classification part 016.42
Call number suffix BIB
Holdings
Withdrawn status Lost status Damaged status Not for loan Home library Current library Date acquired Source of acquisition Cost, normal purchase price Total Checkouts Full call number Barcode Date last seen Copy number Cost, replacement price Price effective from Koha item type Public note
Written off       Central Library Central Library 01/06/2015 Cen Lib/Ret 0.00   016.42 BIB 923456 01/06/2015 1 0.00 01/06/2015 English Books W/d list no. 6810/3

© Delhi Public Library
Hit Counter
free hit counter